000 01060nam a22003137a 4500
003 CHAP
005 20220329134331.0
008 971013s1988 r 00010 d
010 _a18936
011 _a19908
035 _a23995
040 _cCHAP
090 _aTesis
100 0 0 _aAlvarez Cajas, Victor Manuel.
_94880
245 _aTamaño de muestra
_b: procedimientos usuales para su determinación
260 _aChapingo, Méx., :
_bEl autor,
_c1988
300 _a161 h
502 _aTesis (M.C. Esp. en Estadística Experimental) -- CP. Centro de Estadística y Cálculo
590 _aALEPH
_b10
_c20130110
_lUCH01
_h1242
590 _aBATCH-UPD
_b10
_c20130110
_lUCH01
_h1213
590 _aBATCH-UPD
_b10
_c20130410
_lUCH01
_h0751
590 _aBATCH-UPD
_b10
_c20130914
_lUCH01
_h1832
590 _aCONVERSION
_b10
_c20130109
_lUCH01
_h1311
650 1 4 _aMuestreo estadístico.
_979288
901 _aBK
942 _cFOLL
949 _aTesis
_bBC
_cTES
_d-55528
_eTS1
_h20528
_i23995
_si
949 _aTesis
_bBC
_cTES
_d33724002317751
_eTS2
_fc.2
_h20529
_i23995
_si
999 _c18936
_d18936